[Event "Chorzow OPEN FIDE"]
[Site "MDK Chorzow Batory"]
[Date "2010.03.21"]
[Round "2.18"]
[White "Bogacki, Henryk"]
[Black "Buchowski, Adam"]
[Result "0-1"]
[WhiteElo "1615"]
[BlackElo "1873"]
[PlyCount "114"]
[EventDate "2010.??.??"]

1. e4 d5 2. e5 c5 3. d4 cxd4 4. Qxd4 Nc6 5. Bb5 e6 6. Nf3 Bd7 7. Bxc6 bxc6 8.
O-O c5 9. Qg4 h6 10. a4 Ne7 11. Nc3 Nf5 12. Ne2 Rb8 13. b3 Be7 14. Ng3 Rb4 15.
Qh3 Nh4 16. Nh5 g6 17. Nf6+ Bxf6 18. exf6 Qxf6 19. Nxh4 Rxh4 20. Qg3 O-O 21.
Ba3 Rc8 22. Qd6 Qf4 23. Qxf4 Rxf4 24. Bc1 Rh4 25. g3 Rh5 26. g4 Rh4 27. f3 f5
28. Bf4 fxg4 29. Bg3 Rh5 30. fxg4 Rg5 31. h3 d4 32. Rf6 Rf8 33. Raf1 Rxf6 34.
Rxf6 Kg7 35. Rf2 Rd5 36. Rd2 Bc6 37. a5 Kf7 38. Kf2 Kf6 39. h4 e5 40. Ke1 e4
41. Rf2+ Ke7 42. Re2 e3 43. c4 Rd7 44. Bf4 Bf3 45. Bxh6 Bxe2 46. Kxe2 d3+ 47.
Ke1 e2 48. Kd2 Rb7 49. Be3 Rxb3 50. Bxc5+ Ke6 51. Bf2 Ke5 52. h5 gxh5 53. gxh5
Ke4 54. h6 Rb2+ 55. Kc3 Rb7 56. Be1 Rh7 57. Bd2 Rxh6 0-1

[Event "Chorzow OPEN FIDE"]
[Site "MDK Chorzow Batory"]
[Date "2010.03.21"]
[Round "2.20"]
[White "Muc, Zbigniew"]
[Black "Mirek, Lukasz"]
[Result "1-0"]
[WhiteElo "1835"]
[BlackElo "1643"]
[PlyCount "53"]
[EventDate "2010.??.??"]

1. e4 c5 2. d4 cxd4 3. c3 dxc3 4. Nxc3 d6 5. Nf3 Nc6 6. Bc4 Nf6 7. O-O e6 8.
Qe2 Be7 9. Rd1 e5 10. h3 O-O 11. a3 Na5 12. Ba2 Bd7 13. Be3 b6 14. Rac1 Qe8 15.
Bg5 Nb7 16. b4 Nd8 17. Bxf6 gxf6 18. Nd5 Ne6 19. Nh4 Nd4 20. Qh5 Rc8 21. Rxc8
Bxc8 22. Rd3 Kh8 23. Rc3 Be6 24. Rc7 Bxd5 25. exd5 a5 26. Bb1 f5 27. Nxf5 1-0

[Event "Chorzow OPEN FIDE"]
[Site "MDK Chorzow Batory"]
[Date "2010.03.22"]
[Round "3.1"]
[White "Kalinin, Oleg"]
[Black "Widera, Jan"]
[Result "1-0"]
[WhiteElo "2366"]
[BlackElo "2065"]
[PlyCount "107"]
[EventDate "2010.??.??"]

1. d4 Nf6 2. Nf3 c5 3. d5 e6 4. Nc3 exd5 5. Nxd5 d6 6. Bg5 Nbd7 7. e4 h6 8.
Bxf6 Nxf6 9. Nxf6+ gxf6 10. Bb5+ Bd7 11. Bxd7+ Qxd7 12. Qd5 O-O-O 13. O-O-O Qg4
14. h3 Qe6 15. Nh4 Rg8 16. g3 Re8 17. Rhe1 Rg5 18. Nf5 Kc7 19. h4 Rg6 20. c4
Qxd5 21. Rxd5 Re5 22. Rd3 h5 23. Kc2 Rg8 24. Rf3 Kc6 25. Kd3 Rg6 26. Ne3 Be7
27. Nd5 Bd8 28. a4 a6 29. b3 Ba5 30. Ree3 Bd8 31. Rf4 Rh6 32. Ref3 Re6 33. Rf5
Kd7 34. Ne3 Re5 35. Rxe5 dxe5 36. Nf5 Rh8 37. Ke2 Kc6 38. Rd3 Rg8 39. Nh6 Rf8
40. Nxf7 Bc7 41. Nh6 b5 42. axb5+ axb5 43. Nf5 bxc4 44. bxc4 Re8 45. Ng7 Rh8
46. Rf3 Bd8 47. Rf5 Rh7 48. Nxh5 Ra7 49. Nxf6 Ra2+ 50. Kf3 Rc2 51. h5 Rc3+ 52.
Kg2 Rxc4 53. h6 Ra4 54. h7 1-0

[Event "Chorzow OPEN FIDE"]
[Site "MDK Chorzow Batory"]
[Date "2010.03.22"]
[Round "3.2"]
[White "Kuciel, Wladyslaw"]
[Black "Sroka, Janusz"]
[Result "1/2-1/2"]
[WhiteElo "2066"]
[BlackElo "2114"]
[PlyCount "44"]
[EventDate "2010.??.??"]

1. d4 Nf6 2. Nf3 d6 3. c4 g6 4. Nc3 Bg7 5. g3 O-O 6. Bg2 Nc6 7. O-O e5 8. d5
Ne7 9. e4 Bd7 10. h3 Ne8 11. Be3 f5 12. Qd2 Nf6 13. Ng5 Nh5 14. exf5 gxf5 15.
Qe2 Nf6 16. Rad1 Ne8 17. f4 exf4 18. Bxf4 Ng6 19. Ne6 Bxe6 20. dxe6 c6 21. Qd3
Qb6+ 22. Kh1 Qxb2 1/2-1/2

[Event "Chorzow OPEN FIDE"]
[Site "MDK Chorzow Batory"]
[Date "2010.03.22"]
[Round "3.3"]
[White "Semik, Tomasz"]
[Black "Sztwiertnia, Krzysztof"]
[Result "0-1"]
[WhiteElo "1968"]
[BlackElo "2082"]
[PlyCount "77"]
[EventDate "2010.??.??"]

1. Nf3 Nf6 2. g3 g6 3. Bg2 Bg7 4. O-O O-O 5. d3 d6 6. c4 Nc6 7. Nc3 e5 8. Rb1
Nd4 9. Bg5 Nxf3+ 10. Bxf3 h6 11. Bxf6 Qxf6 12. b4 h5 13. h4 Qe7 14. b5 f5 15.
e3 Qe8 16. Bg2 Kh8 17. Re1 Rf7 18. f4 Qd8 19. Qb3 Re7 20. a4 Rb8 21. Nd5 Re8
22. Qc2 Be6 23. Nb4 Bd7 24. Rbd1 Qc8 25. Kf1 a5 26. Na2 c6 27. Qd2 cxb5 28.
cxb5 Qc5 29. Rc1 Qa3 30. Rc7 Be6 31. Nc3 Rec8 32. b6 exf4 33. Nb5 Qxa4 34. Nxd6
Rf8 35. exf4 Bg8 36. Ree7 Bd4 37. Nc4 Rfd8 38. Qe1 Qb3 39. Ne5 0-1

[Event "Chorzow OPEN FIDE"]
[Site "MDK Chorzow Batory"]
[Date "2010.03.22"]
[Round "3.4"]
[White "Kempa, Stefan"]
[Black "Kaczmarek, Aleksander"]
[Result "1-0"]
[WhiteElo "2072"]
[BlackElo "2009"]
[PlyCount "79"]
[EventDate "2010.??.??"]

1. c4 f5 2. Nc3 Nf6 3. g3 e6 4. Bg2 Be7 5. d4 O-O 6. Nf3 d6 7. Qc2 Nc6 8. d5
Nb4 9. Qb3 Na6 10. dxe6 Nc5 11. Qc2 Bxe6 12. Ng5 Bxc4 13. b3 Nfd7 14. h4 Bf7
15. Nxf7 Rxf7 16. Bd5 Qe8 17. b4 Ne4 18. Nxe4 fxe4 19. Qxe4 c6 20. Bxf7+ Qxf7
21. O-O Bf6 22. Rb1 Re8 23. Qc2 Qh5 24. f3 d5 25. Kg2 Ne5 26. Rb3 Re6 27. Re3
Bxh4 28. Rh1 Rg6 29. Rxh4 Qg5 30. f4 Qxh4 31. Qxg6 Nxg6 32. gxh4 Nxh4+ 33. Kf2
Nf5 34. Re5 g6 35. e3 Kf7 36. b5 Nd6 37. bxc6 bxc6 38. Ba3 Ne4+ 39. Kg2 Nc3 40.
Re7+ 1-0

[Event "Chorzow OPEN FIDE"]
[Site "MDK Chorzow Batory"]
[Date "2010.03.22"]
[Round "3.5"]
[White "Swiatloch, Tomasz"]
[Black "Bezimienny, Daniel"]
[Result "1-0"]
[WhiteElo "2113"]
[BlackElo "1828"]
[PlyCount "65"]
[EventDate "2010.??.??"]

1. e4 e6 2. Nf3 d5 3. e5 c5 4. b4 cxb4 5. a3 Nc6 6. axb4 Bxb4 7. c3 Be7 8. d4
f6 9. Bd3 fxe5 10. dxe5 Bc5 11. Qc2 g6 12. O-O Nge7 13. Bg5 O-O 14. Nbd2 Qc7
15. Bf6 Nf5 16. g4 Ng7 17. Rfe1 Be7 18. g5 Nh5 19. Bxg6 Bxf6 20. gxf6 Nf4 21.
Bd3 Qf7 22. Ra4 Nxd3 23. Rg4+ Kh8 24. Qxd3 Rg8 25. Rxg8+ Qxg8+ 26. Kh1 Qg6 27.
Qe3 Bd7 28. Rg1 Qh5 29. Rg5 Qh3 30. Qf4 h6 31. f7 hxg5 32. f8=Q+ Rxf8 33. Qxf8+
1-0

[Event "Chorzow OPEN FIDE"]
[Site "MDK Chorzow Batory"]
[Date "2010.03.22"]
[Round "3.6"]
[White "Ociepka, Tomasz"]
[Black "Jelonek, Michal"]
[Result "1/2-1/2"]
[WhiteElo "1871"]
[BlackElo "1959"]
[PlyCount "66"]
[EventDate "2010.??.??"]

1. e4 c6 2. d4 d5 3. exd5 cxd5 4. c4 Nf6 5. Nc3 e6 6. Nf3 Nc6 7. Bd3 Be7 8. O-O
O-O 9. Bf4 b6 10. a3 Bb7 11. b4 dxc4 12. Bxc4 Rc8 13. Qd3 Bxb4 14. axb4 Nxb4
15. Qe2 Bxf3 16. gxf3 Qxd4 17. Bxe6 Rxc3 18. Be5 Qd3 19. Qxd3 Rxd3 20. Bc4 Rd7
21. Rfd1 Rfd8 22. Rxd7 Rxd7 23. Bb5 Rd5 24. Rxa7 Rxe5 25. Ra8+ Ne8 26. Bxe8 Kf8
27. Ba4+ Ke7 28. Rb8 Nd5 29. Rb7+ Kf6 30. Bb3 Re1+ 31. Kg2 Nf4+ 32. Kg3 g5 33.
Rxb6+ Ne6 1/2-1/2

[Event "Chorzow OPEN FIDE"]
[Site "MDK Chorzow Batory"]
[Date "2010.03.22"]
[Round "3.7"]
[White "Koziak, Vitali"]
[Black "Solek, Zenon"]
[Result "1-0"]
[WhiteElo "2478"]
[BlackElo "1895"]
[PlyCount "49"]
[EventDate "2010.??.??"]

1. e4 c5 2. Nf3 e6 3. d4 cxd4 4. Nxd4 a6 5. Nc3 Qc7 6. Bd3 Nc6 7. Be3 Nf6 8.
O-O Bd6 9. h3 Bf4 10. Qd2 Bxe3 11. Qxe3 Ne5 12. f4 Nxd3 13. cxd3 d6 14. e5 dxe5
15. fxe5 Nd5 16. Nxd5 exd5 17. e6 f6 18. Rf5 Qc5 19. Rc1 Qb6 20. Rxd5 O-O 21.
Kh2 Re8 22. Qg3 Bxe6 23. Rd6 Qxb2 24. Nxe6 Rxe6 25. Rc7 1-0

[Event "Chorzow OPEN FIDE"]
[Site "MDK Chorzow Batory"]
[Date "2010.03.22"]
[Round "3.8"]
[White "Santura, Janusz"]
[Black "Mulet, Piotr"]
[Result "0-1"]
[WhiteElo "1876"]
[BlackElo "2352"]
[PlyCount "100"]
[EventDate "2010.??.??"]

1. d4 Nf6 2. Nf3 c5 3. d5 b5 4. c4 bxc4 5. Nc3 Qa5 6. Bd2 d6 7. Ne4 Qb6 8.
Nxf6+ exf6 9. Bc3 Be7 10. e4 O-O 11. Bxc4 Ba6 12. Nd2 f5 13. exf5 Bg5 14. Bxa6
Qxa6 15. Qe2 Qxe2+ 16. Kxe2 Re8+ 17. Kf1 Bxd2 18. Bxd2 Nd7 19. Bc3 Nb6 20. Rd1
Rab8 21. b3 h5 22. h4 Re4 23. Rh3 f6 24. Rg3 Kf7 25. Re3 Rxh4 26. Rd2 Rf4 27.
Rf3 Re4 28. Re3 Rf4 29. Rf3 Re4 30. Re3 Rbe8 31. Rxe4 Rxe4 32. g3 Rg4 33. a4 h4
34. Kg2 Rg5 35. a5 Nd7 36. b4 hxg3 37. fxg3 Rxf5 38. b5 Rh5 39. g4 Rh4 40. Kg3
Rh1 41. Rb2 Ra1 42. Bd2 Ke7 43. Kf4 g6 44. Ke4 Rg1 45. Kf4 Kd8 46. Be3 Ra1 47.
Bd2 Kc7 48. Bc3 Ra4+ 49. Kg3 Ra3 50. Rc2 Rb3 0-1

[Event "Chorzow OPEN FIDE"]
[Site "MDK Chorzow Batory"]
[Date "2010.03.22"]
[Round "3.9"]
[White "Piesik, Piotr"]
[Black "Marek, Eugeniusz"]
[Result "1-0"]
[WhiteElo "2273"]
[BlackElo "1887"]
[PlyCount "149"]
[EventDate "2010.??.??"]

1. Nf3 d5 2. g3 Nf6 3. Bg2 Bf5 4. O-O e6 5. d3 Be7 6. Nbd2 O-O 7. Qe1 Na6 8. e4
Bg6 9. Qe2 Re8 10. e5 Nd7 11. b3 c5 12. Bb2 Nb4 13. Ne1 Rc8 14. f4 h6 15. c3
Nc6 16. c4 Nb6 17. Ndf3 Qc7 18. Nc2 Rcd8 19. Rad1 a5 20. a4 Rd7 21. g4 Red8 22.
Rfe1 dxc4 23. dxc4 Rxd1 24. Rxd1 Rxd1+ 25. Qxd1 Qd7 26. Qxd7 Nxd7 27. Ne3 Bb1
28. Nd2 Bd3 29. Bc3 Bd8 30. Bxc6 bxc6 31. Kg2 Bc7 32. Kf3 g5 33. Ne4 gxf4 34.
Kxf4 f6 35. Kf3 Bxe4+ 36. Kxe4 Bxe5 37. Bxa5 Bxh2 38. Bd2 Kf7 39. Nf1 Be5 40.
Bxh6 Bc3 41. Bf4 Kg6 42. Bc7 Be5 43. Bd8 Bb8 44. Ne3 Kf7 45. Nd1 Ke8 46. Ba5
Bd6 47. Nf2 Nb8 48. Ke3 Na6 49. Ne4 Be7 50. Be1 Kf7 51. Bg3 Ke8 52. Kf3 Kf7 53.
Ke2 Ke8 54. Ke3 Kf7 55. Bh4 Kg6 56. Kf4 Kf7 57. g5 fxg5+ 58. Nxg5+ Bxg5+ 59.
Bxg5 Ke8 60. Ke5 Kd7 61. Be3 Ke7 62. Bf2 Kd7 63. Kf6 Kc7 64. Kxe6 Nb4 65. Bxc5
Nd3 66. Be3 Nb4 67. Bd2 Nd3 68. Be3 Nb4 69. Ke5 Na6 70. Kd4 Nb4 71. Kc3 Na6 72.
b4 Kb7 73. Bf4 Ka7 74. c5 Kb7 75. Kc4 1-0

[Event "Chorzow OPEN FIDE"]
[Site "MDK Chorzow Batory"]
[Date "2010.03.22"]
[Round "3.10"]
[White "Buchowski, Adam"]
[Black "Krasnodebska, Magdalena"]
[Result "0-1"]
[WhiteElo "1873"]
[BlackElo "2066"]
[PlyCount "106"]
[EventDate "2010.??.??"]

1. d4 f5 2. Bg5 Nf6 3. Bxf6 exf6 4. e3 Be7 5. Bd3 d5 6. Qf3 g6 7. h4 h5 8. Ne2
Be6 9. Nbc3 c6 10. a3 Qd6 11. Nf4 Bf7 12. Qe2 Nd7 13. Qd2 O-O-O 14. Na4 Rde8
15. Ne2 Qc7 16. b4 Be6 17. Kd1 Rhg8 18. g3 Bd6 19. c3 g5 20. f4 gxf4 21. gxf4
Rg2 22. Kc2 Bf7 23. Rag1 Reg8 24. Rxg2 Rxg2 25. Kb3 Be6 26. Rg1 Rxg1 27. Nxg1
Qd8 28. Qg2 Qe8 29. Kc2 Nf8 30. Be2 Bf7 31. Kd2 Ne6 32. Qg3 b6 33. Bd3 Bg6 34.
Nb2 c5 35. Ne2 cxd4 36. cxd4 a5 37. Ba6+ Kb8 38. Nd3 Nc7 39. b5 Bxa3 40. Nc3
Bf8 41. Qg2 Bf7 42. Qh1 Ka7 43. Nb2 Nxa6 44. bxa6 Kxa6 45. Nxd5 Bxd5 46. Qxd5
Bb4+ 47. Kd1 Qc8 48. Na4 Ba3 49. Qb3 Qc1+ 50. Ke2 Bb4 51. Qd3+ b5 52. Nc5+ Bxc5
53. dxc5 Qc4 0-1

[Event "Chorzow OPEN FIDE"]
[Site "MDK Chorzow Batory"]
[Date "2010.03.22"]
[Round "3.11"]
[White "Matczyk, Bartosz"]
[Black "Muc, Zbigniew"]
[Result "1-0"]
[WhiteElo "2013"]
[BlackElo "1835"]
[PlyCount "59"]
[EventDate "2010.??.??"]

1. e4 c6 2. Nc3 d5 3. Nf3 d4 4. Ne2 c5 5. Ng3 Nc6 6. Bc4 a6 7. d3 Qc7 8. a4 e6
9. O-O Be7 10. Nh5 g6 11. Ng3 Bd7 12. Qe2 h5 13. h4 Ne5 14. Bf4 Nxf3+ 15. Qxf3
Qd8 16. e5 Bc6 17. Ne4 Bxh4 18. Qe2 Be7 19. Nd6+ Kf8 20. Qd2 Kg7 21. f3 g5 22.
Bh2 Nh6 23. f4 Ng4 24. fxg5 Bxd6 25. exd6 Ne3 26. Be5+ Kg8 27. g6 Rh6 28. Qf2
Qd7 29. Qf6 Rxg6 30. Qh8# 1-0

[Event "Chorzow OPEN FIDE"]
[Site "MDK Chorzow Batory"]
[Date "2010.03.22"]
[Round "3.12"]
[White "Kurzok, Zenon"]
[Black "Leczycki, Pawel"]
[Result "0-1"]
[WhiteElo "1682"]
[BlackElo "1989"]
[PlyCount "70"]
[EventDate "2010.??.??"]

1. e4 Nc6 2. Nf3 d6 3. d4 Nf6 4. Nc3 g6 5. Be2 Bg7 6. O-O O-O 7. Bf4 Nd7 8. Qd2
e5 9. Be3 Re8 10. Rad1 a6 11. Rfe1 b5 12. a3 Bb7 13. Bf1 exd4 14. Nxd4 Nce5 15.
Bf4 Nc5 16. f3 Ne6 17. Be3 Qd7 18. Qf2 Rac8 19. Nb3 h6 20. Nc5 Nxc5 21. Bxc5
Qe6 22. Be3 Kh7 23. h3 Nc4 24. Bc1 Red8 25. Bxc4 Qxc4 26. Nd5 Re8 27. c3 Re5
28. Rd4 Qc5 29. Be3 Bxd5 30. Rxd5 Qc4 31. Red1 Rce8 32. Bf4 Rxd5 33. Rxd5 f5
34. Qf1 Qxf1+ 35. Kxf1 fxe4 0-1

[Event "Chorzow OPEN FIDE"]
[Site "MDK Chorzow Batory"]
[Date "2010.03.22"]
[Round "3.13"]
[White "Gwozdzik, Zbigniew"]
[Black "Czornik, Janusz"]
[Result "0-1"]
[WhiteElo "1923"]
[BlackElo "1829"]
[PlyCount "104"]
[EventDate "2010.??.??"]

1. d4 Nf6 2. Nf3 g6 3. c4 Bg7 4. Nc3 d5 5. e3 c6 6. Be2 O-O 7. O-O Nbd7 8. b3
Ne4 9. Bb2 Ndf6 10. Ne5 Nxc3 11. Bxc3 Ne4 12. Bb2 Bh6 13. Rc1 Be6 14. Qc2 Bf5
15. Bd3 f6 16. Nf3 Rc8 17. Qe2 Qa5 18. a3 Bg4 19. b4 Qb6 20. Rfd1 Ng5 21. Kh1
Nxf3 22. gxf3 Bh5 23. Rg1 e5 24. cxd5 Rce8 25. dxe5 fxe5 26. Be4 cxd5 27. Bxd5+
Kh8 28. Be4 Bg7 29. Rg3 Re7 30. Qc4 Qd8 31. Qc5 b6 32. Qc2 Rd7 33. Bc3 Rc7 34.
Qb2 Qc8 35. b5 Qe6 36. Bb4 Rxc1+ 37. Qxc1 Rc8 38. Qd2 Qc4 39. Qd5 Qf1+ 40. Rg1
Qxf2 41. Bc3 Rf8 42. f4 exf4 43. Bxg7+ Kxg7 44. Qxh5 Qxg1+ 45. Kxg1 gxh5 46.
Kf2 fxe3+ 47. Kxe3 Kf6 48. Kd4 Rd8+ 49. Kc3 Ke5 50. Bxh7 Kd5 51. h4 Kc5 52. a4
Rd4 0-1

[Event "Chorzow OPEN FIDE"]
[Site "MDK Chorzow Batory"]
[Date "2010.03.22"]
[Round "3.15"]
[White "Rychlik, Bogdan"]
[Black "Faron, Rafal"]
[Result "1-0"]
[WhiteElo "1906"]
[BlackElo "1721"]
[PlyCount "83"]
[EventDate "2010.??.??"]

1. e4 c5 2. Nf3 e6 3. d4 cxd4 4. Nxd4 a6 5. Bd3 Qc7 6. Nc3 Nf6 7. Qe2 d6 8. Be3
Be7 9. g4 h6 10. h4 Nc6 11. Rg1 Nh7 12. g5 hxg5 13. hxg5 Nxg5 14. O-O-O Nh3 15.
Rh1 Nxd4 16. Bxd4 e5 17. Be3 Be6 18. Nd5 Qc6 19. Kb1 f6 20. f4 Kf7 21. fxe5
dxe5 22. Rdf1 Rh7 23. Qd2 Rah8 24. a3 Bc5 25. Bxc5 Qxc5 26. Rh2 Kg8 27. Rg2 Kf7
28. Qe2 Bxd5 29. exd5 Nf4 30. Rxf4 exf4 31. Qe6+ Kf8 32. Bxh7 Rxh7 33. d6 Qe5
34. Qc8+ Kf7 35. Qxb7+ Ke6 36. Qc6 Rh1+ 37. Ka2 Qd5+ 38. Qxd5+ Kxd5 39. Rd2+
Ke4 40. d7 Rh8 41. d8=Q Rxd8 42. Rxd8 1-0

[Event "Chorzow OPEN FIDE"]
[Site "MDK Chorzow Batory"]
[Date "2010.03.22"]
[Round "3.18"]
[White "Tomanek, Jerzy"]
[Black "Klementys, Jerzy"]
[Result "1/2-1/2"]
[WhiteElo "1866"]
[BlackElo "1809"]
[PlyCount "82"]
[EventDate "2010.??.??"]

1. e4 c5 2. f4 Nc6 3. c3 Nf6 4. e5 Nd5 5. d4 cxd4 6. cxd4 d6 7. Nf3 g6 8. Nc3
Nxc3 9. bxc3 d5 10. Bd3 Qc7 11. O-O h5 12. Qc2 e6 13. Ng5 Ne7 14. Ba3 Nf5 15.
Bxf8 Kxf8 16. Bxf5 exf5 17. Qb3 Be6 18. Rf3 Kg7 19. h4 Rhc8 20. Rb1 b6 21. Qb4
Qd8 22. Qb5 Rc7 23. a4 Rac8 24. a5 Rxc3 25. Rxc3 Rxc3 26. axb6 axb6 27. Qa6 Rc6
28. Qb7 Qc8 29. Nxe6+ Qxe6 30. Rb5 Kf8 31. Rb1 Kg7 32. Kh2 Kf8 33. Ra1 Rc8 34.
Ra7 Kg8 35. Ra6 Qc6 36. Qe7 Qc7 37. Qf6 Qc1 38. Qg5 Qc6 39. Ra7 b5 40. Re7 Re8
41. Rxe8+ Qxe8 1/2-1/2

[Event "Chorzow OPEN FIDE"]
[Site "MDK Chorzow Batory"]
[Date "2010.03.22"]
[Round "3.20"]
[White "Czornik, Adam"]
[Black "Galyga, Jozef"]
[Result "1/2-1/2"]
[WhiteElo "1766"]
[BlackElo "1874"]
[PlyCount "73"]
[EventDate "2010.??.??"]

1. e4 e6 2. Qe2 Nc6 3. Nf3 e5 4. c3 d6 5. g3 g6 6. Bg2 Bg7 7. O-O Nf6 8. d4 O-O
9. dxe5 dxe5 10. Rd1 Qe7 11. b3 Re8 12. Ba3 Qe6 13. h3 h6 14. Nbd2 a5 15. Nh2
b6 16. Ndf1 Ba6 17. Qc2 Bf8 18. Bxf8 Rxf8 19. Rd2 Rad8 20. Rad1 Rxd2 21. Rxd2
Kg7 22. Ne3 Ne7 23. Nd5 Nexd5 24. exd5 Qd6 25. Nf1 Re8 26. Ne3 Nh5 27. Bf3 Nf6
28. c4 Bc8 29. Bg2 Nh7 30. Qc3 f5 31. f4 Nf6 32. Rf2 exf4 33. Rxf4 Qc5 34. Kf2
g5 35. Rd4 Kg6 36. Qd3 Kf7 37. d6 1/2-1/2

[Event "Chorzow OPEN FIDE"]
[Site "MDK Chorzow Batory"]
[Date "2010.03.22"]
[Round "3.21"]
[White "Richter, Bronislaw"]
[Black "Hendel, Kazimierz"]
[Result "1-0"]
[WhiteElo "1834"]
[BlackElo "1686"]
[PlyCount "91"]
[EventDate "2010.??.??"]

1. d4 d5 2. Nc3 c6 3. e4 dxe4 4. Nxe4 Bf5 5. Ng3 e6 6. Nf3 Nd7 7. Bd3 Bxd3 8.
Qxd3 Ngf6 9. O-O Be7 10. c4 Bd6 11. Bd2 Bxg3 12. fxg3 h6 13. Qe2 Nb6 14. Bb4 a5
15. Ba3 Nbd7 16. Kh1 Qc7 17. Ne5 c5 18. Nxd7 Nxd7 19. Qf2 f6 20. dxc5 Kf7 21.
b3 Rhe8 22. Rad1 Rad8 23. Rd6 Ne5 24. Rfd1 Rxd6 25. cxd6 Qc6 26. Qe2 Rd8 27.
Rf1 Kg8 28. g4 Qd7 29. c5 Nc6 30. Re1 e5 31. Qc4+ Qf7 32. Qe4 g6 33. Rf1 Kg7
34. h4 Rd7 35. Bb2 Qe6 36. Rf3 Rf7 37. a3 f5 38. gxf5 Rxf5 39. b4 Rxf3 40. Qxf3
axb4 41. axb4 Qc4 42. Qg3 Qf1+ 43. Kh2 Qf5 44. b5 Nd4 45. d7 Ne6 46. Qxe5+ 1-0

[Event "Chorzow OPEN FIDE"]
[Site "MDK Chorzow Batory"]
[Date "2010.03.22"]
[Round "3.22"]
[White "Stepniewski, Jerzy"]
[Black "Mirek, Lukasz"]
[Result "1-0"]
[WhiteElo "1794"]
[BlackElo "1643"]
[PlyCount "89"]
[EventDate "2010.??.??"]

1. Nf3 d6 2. e4 c5 3. c3 Nf6 4. Be2 Nc6 5. d3 e6 6. O-O c4 7. Qc2 cxd3 8. Bxd3
Be7 9. h3 O-O 10. Rd1 Bd7 11. Qe2 Qc7 12. Bf4 e5 13. Bh2 Ne8 14. Nbd2 g6 15.
Nf1 Ng7 16. Ng3 Nd8 17. Qd2 f5 18. Rac1 f4 19. Nf1 g5 20. b4 h5 21. Bc2 Be6 22.
Bb3 Bxb3 23. axb3 Qd7 24. Nxe5 Qe6 25. Nc4 Qxe4 26. Re1 Qf5 27. Rxe7 f3 28. Ng3
Qf6 29. Rxg7+ Qxg7 30. Nxh5 Qg6 31. g4 Nf7 32. Qd5 Rfe8 33. Nxd6 Rad8 34. Nf6+
Qxf6 35. Nxe8 Rxe8 36. Bg3 Kg7 37. Qxb7 Rh8 38. Qxa7 Qh6 39. Qd4+ Kg8 40. Ra1
Qxh3 41. Ra8+ Kh7 42. Rxh8+ Nxh8 43. Qe4+ Kg7 44. Qxf3 Qh6 45. Be5+ 1-0

[Event "Chorzow OPEN FIDE"]
[Site "MDK Chorzow Batory"]
[Date "2010.03.22"]
[Round "3.23"]
[White "Kostowski, Andrzej"]
[Black "Bogacki, Henryk"]
[Result "0-1"]
[WhiteElo "1774"]
[BlackElo "1615"]
[PlyCount "82"]
[EventDate "2010.??.??"]

1. d4 e5 2. dxe5 Nc6 3. Nf3 Qe7 4. Bd2 Nxe5 5. Nxe5 Qxe5 6. Bc3 Qe6 7. e3 d5 8.
Be2 c6 9. Nd2 Nf6 10. b3 Bd6 11. Nf3 O-O 12. O-O h6 13. Bb2 Ne4 14. Qc1 Qg6 15.
Kh1 Re8 16. Bd3 Qh5 17. h4 Bg4 18. Qd1 Bxf3 19. Qxf3 Qxh4+ 20. Qh3 Nxf2+ 21.
Rxf2 Qxf2 22. Rf1 Qg3 23. Qh5 Rf8 24. Rf3 Qg5 25. Qh3 Rad8 26. Rf5 Qg3 27. Qh5
Rde8 28. Rf3 Qe1+ 29. Rf1 Qg3 30. Rf3 Qg5 31. Qh3 Re6 32. Bf5 Re7 33. Bd3 Rfe8
34. Bc1 Re5 35. Kg1 d4 36. Qd7 Qe7 37. Qg4 dxe3 38. Bc4 e2 39. Bxh6 e1=Q+ 40.
Bf1 Bc5+ 41. Kh2 Q7h4+ 0-1

[Event "Chorzow OPEN FIDE"]
[Site "MDK Chorzow Batory"]
[Date "2010.03.23"]
[Round "4.2"]
[White "Sroka, Janusz"]
[Black "Kempa, Stefan"]
[Result "1-0"]
[WhiteElo "2114"]
[BlackElo "2072"]
[PlyCount "71"]
[EventDate "2010.??.??"]

1. e4 c5 2. g3 Nc6 3. Bg2 g6 4. d3 Bg7 5. f4 d6 6. Nf3 b5 7. O-O Bd7 8. Nc3 Rb8
9. Nh4 b4 10. Nd5 e6 11. Ne3 f5 12. exf5 gxf5 13. Nc4 d5 14. Ne5 Nxe5 15. fxe5
Qe7 16. a3 b3 17. c3 Kd8 18. Bf4 Rb6 19. Qd2 Kc8 20. c4 d4 21. Bg5 Qf8 22. Qa5
Bxe5 23. Qxa7 Qd6 24. Rae1 Qb8 25. Qa5 Bd6 26. Bf4 Ne7 27. Re5 Bxe5 28. Bxe5
Qxe5 29. Qxb6 Qc7 30. Qxb3 Ng6 31. Nxg6 hxg6 32. Qd1 Qb8 33. Qd2 Qc7 34. b4 Rg8
35. b5 g5 36. a4 1-0

[Event "Chorzow OPEN FIDE"]
[Site "MDK Chorzow Batory"]
[Date "2010.03.23"]
[Round "4.3"]
[White "Kuciel, Wladyslaw"]
[Black "Swiatloch, Tomasz"]
[Result "1/2-1/2"]
[WhiteElo "2066"]
[BlackElo "2113"]
[PlyCount "91"]
[EventDate "2010.??.??"]

1. Nf3 Nf6 2. c4 c5 3. Nc3 e6 4. g3 d5 5. cxd5 Nxd5 6. Bg2 Nc6 7. O-O Be7 8. d4
O-O 9. e4 Nf6 10. d5 exd5 11. exd5 Nb4 12. Ne1 Bg4 13. Qd2 Qd7 14. a3 Na6 15.
Nc2 Rad8 16. Ne3 Bh3 17. Rd1 Bxg2 18. Kxg2 Bd6 19. Qe2 Nc7 20. Nc4 Rfe8 21. Qf3
Qg4 22. Nxd6 Rxd6 23. Bf4 Qxf3+ 24. Kxf3 Rd7 25. Bxc7 Rxc7 26. g4 Rd8 27. g5
Ne8 28. Nb5 Rcd7 29. Nxa7 f6 30. Rac1 Rxd5 31. Rxd5 Rxd5 32. gxf6 Nxf6 33. Nc8
Kf7 34. Nb6 Rf5+ 35. Kg2 Ke6 36. Re1+ Re5 37. Rd1 Re2 38. Na4 Rc2 39. b4 cxb4
40. axb4 b5 41. Nc5+ Kf5 42. Nb7 Ng4 43. Kg3 Rc3+ 44. Kg2 Rc2 45. Kg3 Rc3+ 46.
Kg2 1/2-1/2

[Event "Chorzow OPEN FIDE"]
[Site "MDK Chorzow Batory"]
[Date "2010.03.23"]
[Round "4.4"]
[White "Semik, Tomasz"]
[Black "Koziak, Vitali"]
[Result "0-1"]
[WhiteElo "1968"]
[BlackElo "2478"]
[PlyCount "130"]
[EventDate "2010.??.??"]

1. Nf3 d5 2. c4 e6 3. b3 Nf6 4. g3 a5 5. a4 Be7 6. Bb2 O-O 7. Bg2 Na6 8. O-O b6
9. Nc3 Nb4 10. Na2 Bb7 11. Nxb4 axb4 12. d3 Nd7 13. Nd2 Bf6 14. Qc2 Qe7 15.
Rac1 c5 16. Rfe1 Ra7 17. e3 Rd8 18. Rcd1 h6 19. h3 Ba8 20. Re2 Rc7 21. Qb1 Bc3
22. Qc2 d4 23. e4 Nb8 24. Bc1 Nc6 25. Nf1 Na5 26. Qb1 e5 27. Nh2 Bc6 28. Rf1
Ra7 29. Ra2 Rda8 30. f4 Nxb3 31. Qxb3 Rxa4 32. Rff2 Qa7 33. Rxa4 Qxa4 34. Qxa4
Rxa4 35. Nf3 exf4 36. gxf4 b3 37. Ne5 Ra1 38. Rf1 Ba4 39. Bf3 Bd2 40. Bb2 Ra2
41. Rb1 Bxf4 42. Ng4 Rxb2 43. Rxb2 Bc1 44. Rb1 b2 45. Be2 Bc2 46. Rxb2 Bxb2 47.
Ne5 Bc3 48. Kf2 g6 49. Bf1 Ba4 50. Ke2 Kg7 51. h4 f6 52. Nf3 b5 53. cxb5 Bxb5
54. Kd1 Kf7 55. Kc2 h5 56. Kd1 Ba5 57. Ke2 Bd7 58. Kf2 Bg4 59. Nh2 Bd1 60. Bh3
Bc2 61. Bf1 c4 62. dxc4 d3 63. Nf3 d2 64. Nxd2 Bxd2 65. Kf3 Be1 0-1

[Event "Chorzow OPEN FIDE"]
[Site "MDK Chorzow Batory"]
[Date "2010.03.23"]
[Round "4.5"]
[White "Mulet, Piotr"]
[Black "Rychlik, Bogdan"]
[Result "1-0"]
[WhiteElo "2352"]
[BlackElo "1906"]
[PlyCount "75"]
[EventDate "2010.??.??"]

1. e4 c5 2. Nf3 Nc6 3. c3 d6 4. d4 Nf6 5. d5 Ne5 6. Nxe5 dxe5 7. f3 e6 8. Bb5+
Bd7 9. Bxd7+ Qxd7 10. dxe6 Qxe6 11. Be3 Be7 12. Qe2 O-O 13. c4 Rfd8 14. Nc3
Rac8 15. O-O Rd7 16. Rac1 a6 17. b3 h6 18. Rc2 Bf8 19. Rfc1 Kh7 20. Nd5 Ne8 21.
Rd1 Rcd8 22. Rcd2 Qc6 23. a4 Nc7 24. Nxc7 Rxd2 25. Rxd2 Rxd2 26. Qxd2 Qxc7 27.
Qd5 f6 28. Kf2 Be7 29. h4 h5 30. Qf7 Qd8 31. Qxh5+ Kg8 32. Qg6 f5 33. Qxf5
Bxh4+ 34. Ke2 Bf6 35. g4 Qc7 36. g5 Bd8 37. g6 Bf6 38. Qe6+ 1-0

[Event "Chorzow OPEN FIDE"]
[Site "MDK Chorzow Batory"]
[Date "2010.03.23"]
[Round "4.6"]
[White "Jelonek, Michal"]
[Black "Piesik, Piotr"]
[Result "0-1"]
[WhiteElo "1959"]
[BlackElo "2273"]
[PlyCount "70"]
[EventDate "2010.??.??"]

1. c4 c6 2. g3 d5 3. cxd5 cxd5 4. d4 Nf6 5. Nf3 Nc6 6. Bg2 Bf5 7. O-O e6 8. Nc3
Bd6 9. Bg5 h6 10. Bxf6 Qxf6 11. Nb5 Bb8 12. Qa4 O-O 13. Rac1 a6 14. a3 Be4 15.
Rfd1 Bxf3 16. Bxf3 Bxg3 17. hxg3 axb5 18. Qxb5 Nxd4 19. Qd3 Nxf3+ 20. Qxf3 Qxb2
21. Rb1 Qxa3 22. Qxa3 Rxa3 23. Rxb7 Rc8 24. Rdb1 Ra2 25. Kf1 Rcc2 26. Rd7 Rc8
27. Rbb7 Rf8 28. Re7 g5 29. Red7 Kg7 30. Re7 Kg6 31. Red7 h5 32. Rdc7 h4 33.
gxh4 gxh4 34. e3 h3 35. Kg1 Rh8 0-1

[Event "Chorzow OPEN FIDE"]
[Site "MDK Chorzow Batory"]
[Date "2010.03.23"]
[Round "4.7"]
[White "Krasnodebska, Magdalena"]
[Black "Ociepka, Tomasz"]
[Result "1/2-1/2"]
[WhiteElo "2066"]
[BlackElo "1871"]
[PlyCount "44"]
[EventDate "2010.??.??"]

1. e4 c5 2. Nf3 a6 3. d4 cxd4 4. Nxd4 Nf6 5. Nc3 d6 6. Be2 e5 7. Nf3 Be7 8. O-O
b5 9. Bg5 Nbd7 10. Nd5 Bb7 11. Bxf6 Nxf6 12. Nxf6+ Bxf6 13. c4 Qb6 14. cxb5
axb5 15. Qb3 O-O 16. Qxb5 Qxb5 17. Bxb5 Bxe4 18. Rfd1 Rfd8 19. a4 d5 20. b4 Bc2
21. Rd2 Bb3 22. Ra3 Bc4 1/2-1/2